[Event "Open Nord BDR Aix-en-Provence"]
[Site "?"]
[Date "2007.04.07"]
[Round "8"]
[White "Maggio, Stephane"]
[Black "Blondelon, Claude"]
[Result "1/2-1/2"]
[WhiteElo "1499"]
[BlackElo "1550"]
[PlyCount "145"]
[SourceDate "2006.10.17"]

1. e4 e6 2. d4 d5 3. e5 c5 4. c3 Nc6 5. Nf3 cxd4 6. cxd4 Nge7 7. Bb5 Bd7 8. O-O
Nf5 9. Bg5 Be7 10. Bxe7 Ncxe7 11. Be2 Ng6 12. Nbd2 Nf4 13. Rc1 Nxe2+ 14. Qxe2
a6 15. Qd1 O-O 16. Qb3 b6 17. Rc3 Rc8 18. Rfc1 Rxc3 19. Rxc3 Qb8 20. Qc2 Rc8
21. Nb3 Rxc3 22. bxc3 Qc7 23. h4 h5 24. Ng5 g6 25. f3 Bb5 26. g4 hxg4 27. fxg4
Ng7 28. h5 Qc4 29. h6 Qf1+ 30. Kh2 Qf4+ 31. Kh3 Qxg5 32. hxg7 Kxg7 33. Qf2 f6
34. exf6+ Qxf6 35. Qxf6+ Kxf6 36. Kh4 g5+ 37. Kh5 Bd7 38. Kh6 Bb5 39. a3 Be2
40. Nd2 Bxg4 41. Nf1 Bf5 42. Ne3 g4 43. Kh5 g3 44. Kh4 a5 45. Kxg3 Kg5 46. Nd1
a4 47. Nb2 b5 48. Kf3 Be4+ 49. Ke3 Kf5 50. Nd1 e5 51. Nf2 exd4+ 52. Kxd4 Bg2
53. Nd3 Ke6 54. Kc5 Kd7 55. Nb4 Bf1 56. Kxd5 Bc4+ 57. Kc5 Be2 58. Nc6 Kc7 59.
Na7 Kb7 60. Nxb5 Ka6 61. c4 Bf1 62. Nc3 Ka5 63. Kd4 Bg2 64. Ke5 Bc6 65. Kd6 Bg2
66. c5 Bh1 67. c6 Kb6 68. c7 Bb7 69. Kd7 Bc6+ 70. Kd8 Bb7 71. c8=Q Bxc8 72.
Kxc8 Ka5 73. Kb7 1/2-1/2

[Event "Open Nord BDR Aix-en-Provence"]
[Site "?"]
[Date "2007.04.07"]
[Round "8"]
[White "De Albera, Pierre"]
[Black "Lucas, Jacques"]
[Result "0-1"]
[WhiteElo "1520"]
[BlackElo "1500"]
[PlyCount "93"]
[SourceDate "2006.10.17"]

1. c4 Nf6 2. g3 g6 3. Bg2 Bg7 4. Nf3 O-O 5. O-O d6 6. Nc3 c6 7. d3 Nbd7 8. Bd2
Ne8 9. Qc1 e5 10. Bh6 Qf6 11. Ne4 Qd8 12. Bxg7 Kxg7 13. Kh1 Ndf6 14. Nfd2 Nxe4
15. Nxe4 f5 16. Ng5 h6 17. Nh3 Be6 18. b3 Qc7 19. f4 e4 20. d4 Nf6 21. Qc3 d5
22. e3 Rac8 23. Rfd1 a6 24. c5 Ng4 25. Rd2 Qd8 26. Nf2 Nf6 27. Qb2 Qc7 28. Rc1
g5 29. Nh3 Kg6 30. Rf1 Ng4 31. Re2 Rh8 32. Nf2 Nf6 33. Nh3 g4 34. Ng1 h5 35. h4
gxh3 36. Nxh3 h4 37. Ng5 hxg3+ 38. Bh3 Qe7 39. Rg2 Rxh3+ 40. Nxh3 Ng4 41. Rxg3
Kf6 42. Rxg4 fxg4 43. Ng5 Rh8+ 44. Kg2 Bf5 45. Rh1 Qe8 46. Rxh8 Qxh8 47. Kg3 {
problème de notation} 0-1

[Event "Open Nord BDR Aix-en-Provence"]
[Site "?"]
[Date "2007.05.05"]
[Round "9"]
[White "Baquer, Marc"]
[Black "Mallet, Bruno"]
[Result "1-0"]
[WhiteElo "1800"]
[BlackElo "1630"]
[PlyCount "95"]
[EventDate "2008.01.10"]
[SourceDate "2006.10.17"]

1. d4 e6 2. Nf3 d5 3. Bg5 Nf6 4. e3 Be7 5. Bd3 Nbd7 6. Nbd2 O-O 7. O-O h6 8.
Bh4 b6 9. c4 dxc4 10. Bxc4 Bb7 11. Rc1 c5 12. h3 cxd4 13. Nxd4 Ne4 14. Bxe7
Qxe7 15. Nxe4 Bxe4 16. f3 Bb7 17. Nb5 Ba6 18. Qd6 Qxd6 19. Nxd6 Bxc4 20. Rxc4
Nc5 21. b4 Na6 22. Rfc1 Rfd8 23. Nb5 Rd7 24. a3 e5 25. Rc8+ Rxc8 26. Rxc8+ Kh7
27. Ra8 Nc7 28. Nxc7 Rxc7 29. Kf2 f6 30. Kg3 Kg6 31. e4 Kh5 32. h4 Kg6 33. Kh3
Kf7 34. h5 Ke6 35. Kg4 Rd7 36. g3 Rc7 37. f4 exf4 38. gxf4 Rf7 39. b5 Rc7 40.
a4 Re7 41. Rc8 Kd7 42. Rc4 Ke8 43. Kf5 Kf7 44. Rc6 Rd7 45. e5 fxe5 46. fxe5 Ke7
47. Kg6 Kd8 48. Rd6 1-0

[Event "Open Nord BDR Aix-en-Provence"]
[Site "?"]
[Date "2007.05.05"]
[Round "9"]
[White "Gomez, Jean-Luc"]
[Black "Larribere, Hadrien"]
[Result "0-1"]
[WhiteElo "1640"]
[BlackElo "1830"]
[PlyCount "88"]
[EventDate "2008.01.10"]
[SourceDate "2006.10.17"]

1. d4 d5 2. Nf3 Bf5 3. Bf4 e6 4. e3 Nf6 5. Bd3 Ne4 6. Nbd2 Nd7 7. c4 Nxf2 8.
Kxf2 Bxd3 9. cxd5 exd5 10. Qb3 Ba6 11. Qxd5 c6 12. Qb3 Be7 13. Ne5 O-O 14. Ndf3
Nb6 15. Rac1 Qd5 16. Qxd5 Nxd5 17. Bg3 Rad8 18. Rhe1 f6 19. Nc4 Nb4 20. Red1
Nxa2 21. Rc2 Nb4 22. Rcc1 Rfe8 23. Bc7 Rd7 24. Bf4 Bb5 25. b3 Nd5 26. Bg3 Bb4
27. Nfd2 Ba6 28. e4 Nc3 29. Re1 Rxd4 30. Nf3 Rexe4 31. Rxe4 Nxe4+ 32. Kg1 Nxg3
33. hxg3 Rd8 34. Ra1 Rd3 35. Na5 Bxa5 36. Rxa5 Rxb3 37. Nd4 Rxg3 38. Nxc6 Rg5
39. Rxg5 fxg5 40. Nxa7 Kf7 41. Nc8 Ke6 42. Kf2 b5 43. Nb6 Bb7 44. g3 Kd6 0-1

[Event "Open Nord BDR Aix-en-Provence"]
[Site "?"]
[Date "2007.05.05"]
[Round "9"]
[White "Alpe, Jean-Charles"]
[Black "Navarro, Bertrand"]
[Result "0-1"]
[WhiteElo "1640"]
[BlackElo "1650"]
[PlyCount "84"]
[EventDate "2008.01.10"]
[SourceDate "2006.10.17"]

1. c4 g6 2. g3 Bg7 3. Bg2 e5 4. Nc3 f5 5. d3 Nf6 6. e4 fxe4 7. dxe4 O-O 8. Nge2
d6 9. O-O Nc6 10. Bg5 h6 11. Bd2 a6 12. Qc1 Kh7 13. f4 exf4 14. Nxf4 Ne5 15.
Ncd5 c6 16. Nxf6+ Rxf6 17. Bc3 Rf7 18. b3 Bg4 19. h3 g5 20. Bxe5 Bxe5 21. hxg4
gxf4 22. gxf4 Bxa1 23. Qxa1 Qb6+ 24. Kh2 Raf8 25. f5 Qd8 26. Qe1 Qf6 27. Qf2
Rg7 28. Bf3 Rfg8 29. Rd1 Rg5 30. Qg3 Qb2+ 31. Kh3 Rh5+ 32. gxh5 Rxg3+ 33. Kxg3
Qe5+ 34. Kg2 a5 35. Rd2 Qf4 36. Rd1 Kg7 37. Rd3 Kf6 38. Rd1 Ke5 39. Rd3 Qg5+
40. Kh3 Kf4 41. Bg4 Qxg4+ 42. Kh2 Qe2+ 0-1

[Event "Open Nord BDR Aix-en-Provence"]
[Site "?"]
[Date "2007.05.05"]
[Round "9"]
[White "Montanelli, Tristan"]
[Black "Derien, Robert"]
[Result "1-0"]
[WhiteElo "1690"]
[BlackElo "1879"]
[PlyCount "131"]
[EventDate "2008.01.10"]
[SourceDate "2006.10.17"]

1. e4 d5 2. exd5 Qxd5 3. Nc3 Qa5 4. d4 Nf6 5. Nf3 Ne4 6. Bd2 Nxd2 7. Nxd2 c6 8.
Bd3 g6 9. Ne2 Bg7 10. c3 Nd7 11. f4 Nf6 12. Nc4 Qc7 13. Ne3 Ng4 14. Nxg4 Bxg4
15. O-O Qd7 16. Qc2 O-O 17. Rf2 Rad8 18. h3 Be6 19. Rd1 f5 20. b4 b6 21. Nc1
Qc8 22. Re2 c5 23. Rde1 Rd6 24. Rxe6 Rxe6 25. Bc4 Rff6 26. Qb3 Kf7 27. bxc5
bxc5 28. dxc5 Qxc5+ 29. Kh2 Qd6 30. Nd3 Bh6 31. g3 g5 32. fxg5 Bxg5 33. h4 Bh6
34. Bxe6+ Rxe6 35. Rd1 Kf6 36. Nf4 Qe5 37. Qxe6+ Qxe6 38. Nxe6 Kxe6 39. Rd8 Kf7
40. c4 Be3 41. Kg2 e5 42. Kf3 Bb6 43. Rd7+ Kg6 44. g4 e4+ 45. Kf4 fxg4 46. Kxg4
e3 47. Kf3 h6 48. Re7 Kh5 49. Rxe3 Kxh4 50. Re6 Kg5 51. Re5+ Kf6 52. Rd5 Bc7
53. Kg4 Be5 54. a4 Ke6 55. Kh5 Bf4 56. Ra5 Be3 57. Rd5 Kf6 58. a5 Ke6 59. a6
Kf6 60. Kg4 Ke6 61. Kf3 Bg5 62. Ke4 Be7 63. c5 Bh4 64. c6 Bg3 65. Rd7 Bf2 66.
Rh7 1-0

[Event "Open Nord BDR Aix-en-Provence"]
[Site "?"]
[Date "2007.05.05"]
[Round "9"]
[White "Garcia, Robustiano"]
[Black "Mengus, Michel"]
[Result "0-1"]
[WhiteElo "1700"]
[BlackElo "1680"]
[PlyCount "76"]
[EventDate "2008.01.10"]
[SourceDate "2006.10.17"]

1. d4 Nf6 2. c4 e6 3. Nc3 Bb4 4. Bg5 h6 5. Bh4 c5 6. Nf3 g5 7. Bg3 Ne4 8. Qc2
Bxc3+ 9. bxc3 Nxg3 10. hxg3 Qe7 11. e4 b6 12. d5 d6 13. Be2 e5 14. O-O-O Nd7
15. Nd2 Nf6 16. f4 gxf4 17. gxf4 Bg4 18. Rde1 O-O-O 19. g3 Rhg8 20. Bxg4+ Rxg4
21. Qa4 Rxg3 22. Qa6+ Kb8 23. Kc2 Rc8 24. Qb5 h5 25. Nb3 Ka8 26. a4 Rg2+ 27.
Kd3 Rg3+ 28. Kc2 Rg2+ 29. Kd3 exf4 30. a5 Qe5 31. Rh3 Nxd5 32. Rc1 f5 33. Nd2
fxe4+ 34. Nxe4 Nf6 35. Nxf6 Qf5+ 36. Ne4 Qxh3+ 37. Ng3 Qxg3+ 38. Ke4 Qe3+ 0-1

[Event "Open Nord BDR Aix-en-Provence"]
[Site "?"]
[Date "2007.05.05"]
[Round "9"]
[White "Marcou, Thomas"]
[Black "Roux, Jean-Marie"]
[Result "1-0"]
[WhiteElo "1360"]
[BlackElo "1390"]
[PlyCount "41"]
[EventDate "2008.01.10"]
[SourceDate "2006.10.17"]

1. e4 e5 2. Nf3 Nc6 3. Bc4 Bc5 4. Nc3 Nf6 5. O-O O-O 6. d3 d6 7. Bg5 Bg4 8. Nd5
Nd4 9. Nxf6+ gxf6 10. Bh6 Re8 11. Kh1 Nxf3 12. gxf3 Bh5 13. Rg1+ Bg6 14. h4 f5
15. Bg5 Qd7 16. Bf6 fxe4 17. Rg4 Kf8 18. dxe4 h5 19. Rg3 Bxf2 20. Qd2 Re6 21.
Qh6+ 1-0

[Event "Open Nord BDR Aix-en-Provence"]
[Site "?"]
[Date "2007.05.05"]
[Round "9"]
[White "Desormes, Olivier"]
[Black "Maggio, Stephane"]
[Result "1-0"]
[WhiteElo "1860"]
[BlackElo "1499"]
[PlyCount "81"]
[EventDate "2008.01.10"]
[SourceDate "2006.10.17"]

1. d4 d5 2. Nf3 Nf6 3. e3 Bf5 4. Bd3 Bxd3 5. Qxd3 e6 6. Qb5+ Nbd7 7. Qxb7 Be7
8. O-O O-O 9. Nbd2 c5 10. c3 cxd4 11. exd4 Ne8 12. Qa6 Ndf6 13. Ne5 Nd6 14. Nc6
Qc7 15. Nxe7+ Qxe7 16. f3 Rfc8 17. Qe2 Qb7 18. Re1 a5 19. Qd3 Nc4 20. b3 Nxd2
21. Bxd2 a4 22. c4 axb3 23. axb3 dxc4 24. bxc4 Rd8 25. Bg5 Rxa1 26. Rxa1 Ra8
27. Rxa8+ Qxa8 28. Bxf6 gxf6 29. d5 exd5 30. Qxd5 Qa2 31. h3 Qa1+ 32. Kf2 Qb2+
33. Kg3 Qb8+ 34. f4 Qb3+ 35. Kh2 Qe3 36. Qd6 Kg7 37. c5 h5 38. h4 Qa3 39. Qd4
Qc1 40. Qf2 Qc3 41. Qg3+ 1-0

[Event "Open Nord BDR Aix-en-Provence"]
[Site "?"]
[Date "2007.05.05"]
[Round "9"]
[White "Brunie, Luce"]
[Black "Hernandez, Jean-Pierre"]
[Result "0-1"]
[WhiteElo "1310"]
[BlackElo "1790"]
[PlyCount "88"]
[EventDate "2008.01.10"]
[SourceDate "2006.10.17"]

1. Nf3 Nf6 2. d4 d5 3. c4 e6 4. Bg5 Be7 5. e3 O-O 6. Bd3 dxc4 7. Bxc4 c6 8. O-O
b5 9. Bd3 Bb7 10. Nbd2 Nbd7 11. Qc2 h6 12. Bf4 Kh8 13. Rad1 Rc8 14. Qb1 a6 15.
Ne5 Nxe5 16. Bxe5 c5 17. Ne4 c4 18. Nxf6 Bxf6 19. Be4 Bxe4 20. Qxe4 Bxe5 21.
Qxe5 Qd5 22. Qxd5 exd5 23. Rc1 f5 24. Rfe1 Rfe8 25. f4 g6 26. Kf2 Kg7 27. Kf3
Kf6 28. Re2 Re6 29. g3 b4 30. Rec2 a5 31. h3 Rec6 32. a3 c3 33. b3 Re8 34. a4
Rce6 35. Re1 Re4 36. g4 Rxd4 37. Rce2 Rd3 38. Rc2 Re4 39. Kf2 d4 40. g5+ hxg5
41. fxg5+ Kxg5 42. Rg1+ Kf6 43. exd4 Rxh3 44. Rd1 Rh2+ 0-1

[Event "Open Nord BDR Aix-en-Provence"]
[Site "?"]
[Date "2007.05.05"]
[Round "9"]
[White "Naumann, Matthias"]
[Black "De Albera, Pierre"]
[Result "1/2-1/2"]
[WhiteElo "1699"]
[BlackElo "1530"]
[PlyCount "58"]
[EventDate "2008.01.10"]
[SourceDate "2006.10.17"]

1. d4 c6 2. e4 d5 3. e5 Bf5 4. Nf3 Nh6 5. c4 e6 6. cxd5 exd5 7. Be2 Bg4 8. Nbd2
Nd7 9. O-O Be7 10. Re1 O-O 11. a3 Kh8 12. b4 Ng8 13. Qc2 Re8 14. Bd3 g6 15. h3
Be6 16. Nf1 f5 17. Bd2 Bf8 18. Qc1 Bg7 19. Ng5 Nf8 20. Nh2 Qd7 21. Nhf3 h6 22.
Nxe6 Nxe6 23. Nh4 Qf7 24. Be3 Rf8 25. Rb1 Kh7 26. Rb3 Qe7 27. g3 Rf7 28. Bb1
Nf8 29. Qd2 Qe6 1/2-1/2

[Event "Open Nord BDR Aix-en-Provence"]
[Site "?"]
[Date "2007.05.05"]
[Round "9"]
[White "Blondelon, Claude"]
[Black "Lucas, Jacques"]
[Result "1/2-1/2"]
[WhiteElo "1550"]
[BlackElo "1450"]
[PlyCount "160"]
[EventDate "2008.01.10"]
[SourceDate "2006.10.17"]

1. d4 Nf6 2. c4 g6 3. Nc3 Bg7 4. e4 d6 5. Nf3 O-O 6. Be2 e5 7. O-O Nc6 8. dxe5
dxe5 9. Bg5 a6 10. Nd5 h6 11. Nxf6+ Bxf6 12. Qxd8 Bxd8 13. Bxh6 Re8 14. Be3 Bf6
15. Rad1 Bg4 16. Rfe1 Bxf3 17. Bxf3 Rad8 18. Rxd8 Rxd8 19. Rd1 Nd4 20. Kf1 c5
21. Rd2 b6 22. Bd1 a5 23. Ba4 Kg7 24. f3 Be7 25. Kf2 f5 26. exf5 gxf5 27. f4 e4
28. g3 Kg6 29. Bd1 Bf6 30. b3 Rh8 31. Kg2 Rd8 32. Kf2 Rb8 33. a4 Rd8 34. Kg2
Ne6 35. Rxd8 Nxd8 36. g4 Bd4 37. gxf5+ Kxf5 38. Bc1 Ne6 39. Kg3 Ng7 40. Bg4+
Kf6 41. Be2 Nf5+ 42. Kg4 Kg6 43. h4 Be3 44. h5+ Kf6 45. Bb2+ Bd4 46. Bc1 Ne3+
47. Bxe3 Bxe3 48. h6 Kg6 49. h7 Bd4 50. f5+ Kxh7 51. Kf4 e3 52. Kg5 Kg7 53. Bh5
Be5 54. Be2 Bf6+ 55. Kf4 Bd4 56. Kf3 Kf6 57. Kg4 Ke7 58. Kf4 Kf7 59. Kg5 Bg7
60. Kf4 Bh6+ 61. Ke5 Bg5 62. Ke4 Ke7 63. Ke5 Bh6 64. Kd5 Kd7 65. Ke4 Kd6 66.
Bd3 Bg7 67. Kxe3 Ke5 68. Be4 Bh6+ 69. Kd3 Bg5 70. Bc6 Kf4 71. Be4 Kg3 72. Kc2
Kf2 73. Bd3 Ke3 74. Bf1 Ke4 75. f6 Bxf6 76. Bd3+ Ke3 77. Bh7 Ke2 78. Bf5 Ke1
79. Bd7 Be5 80. Bb5 Bd6 1/2-1/2